Tableau chronologique de l'histoire moderne, depuis la prise de Constantinople par les Turcs, jusqu'à la Révolution française, 1453-1789

Saved in:
Bibliographic Details
Main Author: MICHELET [Jules] Professeur d'histoire au collége de Sainte-Barbe
Format: Unknown
Language:French
Published: Bruxelles Louis Hauman et compe., éditeurs 1834
Edition:seconde édition
Textbook Catalogue:MANES:  Library Catalog Search Result
Textbook Classification:
Subjects:
Tags: Add Tag
No Tags, Be the first to tag this record!
Added to:2016-04-26

MARC

LEADER 000000000a22000000004500
001 23601
008 160427s be ||||| |||| 00| 0 fre d
040 |a manes  |c manes 
041 |a Francés 
100 1 |a MICHELET [Jules]  |b Professeur d'histoire au collége de Sainte-Barbe 
245 0 0 |a Tableau chronologique de l'histoire moderne, depuis la prise de Constantinople par les Turcs, jusqu'à la Révolution française, 1453-1789 
250 |a seconde édition 
260 3 |a Bruxelles  |b Louis Hauman et compe., éditeurs  |c 1834 
300 |a XVI+199 p. 
500 |a Ouvrage adopté par le Conseil royal de l'instruction publique 
546 |a Bélgica 
650 7 |a Historia 
655 7 |a Secundaria 
942 |2 ddc  |c BK 
999 |c 45929  |d 45929 
999 |c manes:45929  |d 45929